00704cam a2200229 a 4500001000800000003000900008005001700017008004100034020002500075040001300100041000800113082002000121100002700141245006800168260005200236300003300288504005100321650002400372650002000396650002300416650003500439TB12475IN-BhIIT20250707170515.0941011s1995 nyua b 001 0 eng  a9781107605282 (pbk.) aIN-BhIIT aeng00a537.6225bDAT/E1 aDatta, SupriyoeAuthor10aElectronic transport in mesoscopic systems /cby Supriyo Datta. aNew Delhi :bCambridge University Press,c2016. axv, 377 p. :bill. ;c24 cm. aIncludes bibliographical references and index. 0aElectron transport. 0aSemiconductors. 0aGreen's functions. 0aMesoscopic phenomena (Physics)